000 03389cam a22012014i 4500
003 PE-LiUPU
005 20250813185450.0
008 150623s2003 pe r 000 0 spa d
035 _a(Sirsi) a27188
040 _aPE-LiUPU
_bspa
_cPE-LiUPU
_erda
049 _aPRUA
082 0 4 _a310
_bA92
_221
100 1 _aAvila Acosta, Roberto B.,
_eautor.
245 1 0 _aEstadística elemental :
_bcon 300 problemas resueltos /
_cRoberto B., Avila Acosta.
264 1 _aLima, Perú :
_bEstudios y Ediciones RA,
_c2003.
300 _a374 páginas :
_bilustraciones ;
_c24 centímetros
336 _atext
_2rdacontent
337 _aunmediated
_2rdamedia
338 _avolume
_2rdacarrier
504 _aBibliografía: páginas 373-374.
505 0 _aIntroducción -- Recolección de datos -- Presentación de datos -- Reducción de los datos -- Números índices -- Distribuciones bidimensionales de frecuencia -- Regresión y correlación -- Series cronológicas -- Introducción a la probabilidad.
526 _aP202
526 _aP201
526 _aP163
526 _aP162
526 _aP161
526 _aP160
526 _aP148
526 _aP147
526 _aP146
526 _aP145
526 _aP144
526 _aP143
526 _aP142
526 _aP141
526 _aP140
526 _aP139
526 _aP138
526 _aP137
526 _aP136
526 _aP135
526 _aP134
526 _aP133
526 _aP129
526 _aP128
526 _aP127
526 _aP120
526 _aP119
526 _aP118
526 _aP116
526 _aP115
526 _aP114
526 _aP110
526 _aP109
526 _aP108
526 _aP104
526 _aP103
526 _aP102
526 _aP99
526 _aP98
526 _aP97
526 _aP96
526 _aP95
526 _aP93
526 _aP90
526 _aP89
526 _aP88
526 _aP83
526 _aP82
526 _aP62
526 _aP59
526 _aP58
526 _aP57
526 _aP51
526 _aP49
526 _aP48
526 _aP47
526 _aP29
526 _aP24
526 _aP20
526 _aP19
526 _aP17
526 _aP15
526 _aP14
526 _aP12
526 _aP10
526 _aP09
526 _aP08
526 _aP07
526 _aP06
526 _aP05
526 _aP04
526 _aP01
650 0 4 _aEstadística
_xProblemas.
942 _2ddc
_cBOOK
949 _a310 A92 2003
_wDEWEY
_c1
_i54205
_lCCODEBUL1
_mBUL
_p20.00
_r0
_sY
_tBOOK
_u2015-06-24
_xBIBLIOTECA
_zUNKNOWN
_0COMPRA
_o.STAFF. Colección Ciencias Humanas y Educación
949 _a310 A92 2003
_wDEWEY
_c2
_i52470
_lCCODEBUL1
_mBUL
_p20.00
_r0
_sY
_tBOOK
_u2015-06-24
_xFCE
_zUNKNOWN
_0COMPRA
_o.STAFF. Colección Ciencias Humanas y Educación
596 _a1
999 _a310 A92 2003
_wDEWEY
_c34301
_i54205
_f2021-11-5
_g6
_lCCODEBUL1
_mBUL
_p20.00
_r0
_sY
_tBOOK
_u2015-6-24
_xBIBLIOTECA
_zUNKNOWN
_0COMPRA
_o.STAFF. Colección Ciencias Humanas y Educación
_d34301
999 _a310 A92 2003
_wDEWEY
_c2
_i52470
_d2016-5-11
_e2016-5-10
_f2021-11-5
_g6
_lCCODEBUL1
_mBUL
_n1
_p9.00
_r0
_sY
_tBOOK
_u2015-6-24
_xBIBLIOTECA
_zUNKNOWN
_0COMPRA
_o.STAFF. Colección General
980 _81
_gALBERTO SANCHEZ Responsable de Automatización